Harakati Kuu Marejeo ya Pili: (Record no. 25243)

MARC details
000 -LEADER
fixed length control field 00939cam a2200241Ii 4500
001 - CONTROL NUMBER
control field 5994396
003 - CONTROL NUMBER IDENTIFIER
control field AUA.1
005 - DATE AND TIME OF LATEST TRANSACTION
control field 20251027115950.0
008 - FIXED-LENGTH DATA ELEMENTS--GENERAL INFORMATION
fixed length control field 251027s1909 dcucf 001 0 eng d
040 ## - CATALOGING SOURCE
Original cataloging agency EXN
Transcribing agency EXN
Modifying agency m.c.
-- EXN
050 ## - LIBRARY OF CONGRESS CALL NUMBER
Classification number BX 6115.2
Item number .L68 S9 2025
100 1# - MAIN ENTRY--PERSONAL NAME
Personal name Loughborough, J. N.
Fuller form of name (John Norton),
Dates associated with a name 1832-1924.
9 (RLIN) 24459
245 14 - TITLE STATEMENT
Title Harakati Kuu Marejeo ya Pili:
Remainder of title Mwanzo na Maendeleo Yake
Statement of responsibility, etc by J. N. Loughborough.
246 ## - VARYING FORM OF TITLE
Title proper/short title The great second advent movement :
Remainder of title its rise and progress /
260 ## - PUBLICATION, DISTRIBUTION, ETC. (IMPRINT)
Place of publication, distribution, etc Eugene, OR
Name of publisher, distributor, etc Adventist Pioneer Library
Date of publication, distribution, etc 2025
300 ## - PHYSICAL DESCRIPTION
Extent 416 p.
Dimensions 23 cm.
500 ## - GENERAL NOTE
General note A Swahili translation for the The great second advent movement :
610 20 - SUBJECT ADDED ENTRY--CORPORATE NAME
Corporate name or jurisdiction name as entry element Seventh-day Adventists
General subdivision History.
9 (RLIN) 24460
650 #0 - SUBJECT ADDED ENTRY--TOPICAL TERM
Topical term or geographic name as entry element Second Advent.
9 (RLIN) 24461
650 #0 - SUBJECT ADDED ENTRY--TOPICAL TERM
Topical term or geographic name as entry element Adventists
General subdivision History.
9 (RLIN) 24462
690 ## - LOCAL SUBJECT ADDED ENTRY--TOPICAL TERM (OCLC, RLIN)
Topical term or geographic name as entry element Seventh-day Adventist publications.
9 (RLIN) 24463
942 ## - ADDED ENTRY ELEMENTS (KOHA)
Source of classification or shelving scheme Library of Congress Classification
Koha item type Ellen G. White Estate Branch Office
Classification part BX 6115.2
Item part .L68 S9 2025
Holdings
Withdrawn status Lost status Source of classification or shelving scheme Damaged status Not for loan Collection code Home library Current library Shelving location Date acquired Serial Enumeration / chronology Total Checkouts Full call number Date last seen Price effective from Koha item type
    Library of Congress Classification     Books Judith Thomas Library Judith Thomas Library EGW Estate Branch Office 27/10/2025 1321   BX 6115.2 .L68 S9 2025 27/10/2025 27/10/2025 Ellen G. White Estate Branch Office